[Event "ODJM B 2019"]
[Site "Willingen GER"]
[Date "2019.06.09"]
[Round "2"]
[White "Zieringer, Sebastian"]
[Black "Rabe, Maximilian"]
[Result "1-0"]
[Termination "normal"]
[Board "8"]
[WhiteElo "1825"]
[BlackElo "1628"]
[WhiteClock "00:40:37"]
[BlackClock "00:19:58"]
[PlyCount "45"]
[WhiteFideId "16222008"]
[BlackFideId "12982911"]
[EventCountry "GER"]
[EventRounds "9"]
[EventType "swiss"]
[EventDate "2019.06.08"]

1. e4 {[%clk 1:30:57]} 1... e5 {[%clk 1:30:56]} 2. Bc4 {[%clk 1:31:17]} 2...
Nf6 {[%clk 1:31:16]} 3. d4 {[%clk 1:31:31]} 3... exd4 {[%clk 1:28:50]} 4. Nf3 {
[%clk 1:31:05]} 4... Bb4+ {[%clk 1:22:53]} 5. c3 {[%clk 1:30:42]} 5... dxc3 {
[%clk 1:20:45]} 6. bxc3 {[%clk 1:31:02]} 6... Bc5 {[%clk 1:15:32]} 7. e5 {
[%clk 1:29:57]} 7... Qe7 {[%clk 1:10:17]} 8. O-O {[%clk 1:29:49]} 8... Ng4 {
[%clk 1:08:42]} 9. h3 {[%clk 1:12:39]} 9... Nxf2 {[%clk 0:51:41]} 10. Rxf2 {
[%clk 1:11:29]} 10... Bxf2+ {[%clk 0:49:44]} 11. Kxf2 {[%clk 1:11:54]} 11... h6
{[%clk 0:42:16]} 12. Ba3 {[%clk 1:11:51]} 12... d6 {[%clk 0:40:26]} 13. exd6 {
[%clk 1:11:33]} 13... cxd6 {[%clk 0:40:35]} 14. Bxd6 {[%clk 1:11:34]} 14... Qf6
{[%clk 0:40:08]} 15. Na3 {[%clk 1:05:37]} 15... Bd7 {[%clk 0:33:56]} 16. Qd5 {
[%clk 1:04:27]} 16... Nc6 {[%clk 0:31:35]} 17. Nb5 {[%clk 1:02:34]} 17... O-O-O
{[%clk 0:29:49]} 18. Bh2 {[%clk 0:52:54]} 18... Be6 {[%clk 0:22:33]} 19. Nd6+ {
[%clk 0:41:44]} 19... Rxd6 {[%clk 0:19:03]} 20. Qxd6 {[%clk 0:42:02]} 20... Qe7
{[%clk 0:19:20]} 21. Bxe6+ {[%clk 0:41:39]} 21... fxe6 {[%clk 0:19:35]} 22.
Qxe7 {[%clk 0:40:30]} 22... Nxe7 {[%clk 0:19:58]} 23. Re1 {[%clk 0:40:37]} 1-0

[Event "ODJM B 2019"]
[Site "Willingen GER"]
[Date "2019.06.09"]
[Round "2"]
[White "Stepanov, Maximilian"]
[Black "Thumm, Felix"]
[Result "1/2-1/2"]
[Termination "normal"]
[Board "9"]
[WhiteElo "1615"]
[BlackElo "1836"]
[PlyCount "112"]
[WhiteFideId "16244680"]
[BlackFideId "12902209"]
[EventCountry "GER"]
[EventRounds "9"]
[EventType "swiss"]
[EventDate "2019.06.08"]

1. d4 d5 2. c4 e6 3. Nc3 Nf6 4. Nf3 b6 5. Bf4 Bb7 6. e3 Bd6 7. Bxd6 Qxd6 8. Nb5
Qb4+ 9. Qd2 Qe7 10. cxd5 Nxd5 11. Rc1 a6 12. Nc3 O-O 13. Nxd5 Bxd5 14. Qc2 Rc8
15. Bd3 g6 16. e4 Bb7 17. O-O c5 18. dxc5 Rxc5 19. Qd2 Nd7 20. b4 Rxc1 21. Rxc1
Nf6 22. e5 Nd5 23. a3 a5 24. Qh6 Qf8 25. Qxf8+ Kxf8 26. b5 Nf4 27. Ne1 Bxg2 28.
Nxg2 Nxd3 29. Rc6 Nxe5 30. Rxb6 Nc4 31. Ra6 Rxa6 32. bxa6 Ke7 33. Ne3 Nb6 34.
a7 Kd7 35. Nc4 Na8 36. Nxa5 Kc7 37. Nc4 f6 38. Kg2 Kb7 39. Nd6+ Kxa7 40. Ne4 f5
41. Ng5 Nc7 42. Nxh7 Nb5 43. Nf8 Nxa3 44. Nxg6 Nb5 45. h4 Nd6 46. f4 Kb7 47.
Nf8 Kc7 48. Nxe6+ Kd7 49. Ng5 Ke7 50. Kf3 Kf6 51. Ke3 Ne8 52. h5 Kg7 53. Kd4
Kh6 54. Ke5 Ng7 55. Kf6 Nxh5+ 56. Kxf5 Nxf4 1/2-1/2

[Event "ODJM B 2019"]
[Site "Willingen GER"]
[Date "2019.06.09"]
[Round "2"]
[White "Lau, Theodor"]
[Black "Reyher, Susan"]
[Result "1/2-1/2"]
[Termination "normal"]
[Board "10"]
[WhiteElo "1670"]
[BlackElo "1714"]
[PlyCount "119"]
[WhiteFideId "12946524"]
[BlackFideId "24686107"]
[EventCountry "GER"]
[EventRounds "9"]
[EventType "swiss"]
[EventDate "2019.06.08"]

1. e4 e5 2. Nf3 Nc6 3. Bc4 Bc5 4. b4 Bxb4 5. c3 Ba5 6. d4 exd4 7. O-O Nge7 8.
Ng5 Ne5 9. Bxf7+ Nxf7 10. Nxf7 Kxf7 11. Qh5+ Ng6 12. Qd5+ Ke8 13. Qxa5 b6 14.
Qd5 c6 15. Qxd4 Qe7 16. f4 Bb7 17. e5 Nh4 18. Qd3 Qe6 19. c4 c5 20. Rf2 Rf8 21.
Nc3 Nf5 22. Nb5 Qc6 23. Bb2 g6 24. Re1 Kd8 25. e6 a6 26. Nd6 Ne7 27. exd7 Ra7
28. Rfe2 Ba8 29. Be5 Rxd7 30. Rd2 Nf5 31. Red1 Nxd6 32. Bxd6 Rff7 33. Qc3 Kc8
34. Qh3 Qe4 35. Bxc5 Qe8 36. Rxd7 Rxd7 37. Qxd7+ Qxd7 38. Rxd7 Kxd7 39. Bxb6
Be4 40. Kf2 Kc6 41. Bd4 Bd3 42. c5 Kd5 43. Ke3 Be4 44. g4 Bb1 45. a3 Bc2 46.
Kd2 Be4 47. Kc3 Bf3 48. h3 Bg2 49. f5 gxf5 50. gxf5 Bxh3 51. f6 Be6 52. Bf2 h5
53. Kb4 Kc6 54. Kc3 h4 55. Kd4 h3 56. Bg1 Bf7 57. Ke5 h2 58. Bxh2 Kxc5 59. Kf5
Kd5 60. Be5 1/2-1/2

[Event "ODJM B 2019"]
[Site "Willingen GER"]
[Date "2019.06.09"]
[Round "2"]
[White "Schulze, Lukas"]
[Black "Naumenko, Valerija"]
[Result "1/2-1/2"]
[Termination "normal"]
[Board "11"]
[WhiteElo "1643"]
[BlackElo "1606"]
[PlyCount "119"]
[WhiteFideId "12956856"]
[BlackFideId "16222890"]
[EventCountry "GER"]
[EventRounds "9"]
[EventType "swiss"]
[EventDate "2019.06.08"]

1. Nf3 d5 2. c4 e6 3. g3 Nf6 4. Bg2 dxc4 5. Qa4+ Bd7 6. Qxc4 c5 7. Ne5 Qc8 8.
Nxd7 Qxd7 9. d3 Nc6 10. Nc3 Rc8 11. O-O Be7 12. Bf4 O-O 13. Rfc1 b6 14. Qa4
Rfd8 15. a3 Nd5 16. Bd2 Bf6 17. Rc2 Nd4 18. Qxd7 Rxd7 19. Bxd5 exd5 20. Rcc1
Nb3 21. Bf4 Re8 22. Kf1 g5 23. Rab1 Nxc1 24. Bxc1 c4 25. d4 Bxd4 26. Bxg5 Bg7
27. Rd1 d4 28. Na2 d3 29. exd3 Rxd3 30. Rb1 Rb3 31. Rc1 Rxb2 32. Nb4 a5 33. Nd5
b5 34. h4 Rb3 35. a4 bxa4 36. Rxc4 a3 37. Ra4 Rd3 38. Rxa5 Rd1+ 39. Kg2 a2 40.
Nf6+ Bxf6 41. Bxf6 Rd2 42. Bg5 Rc2 43. Bh6 f6 44. Ra7 Re1 45. Rg7+ Kh8 46. Rd7
Rc8 47. Bg7+ Kg8 48. Bxf6 a1=Q 49. Rg7+ Kf8 50. Bxa1 Rxa1 51. Rxh7 Rc2 52. Rh5
Raa2 53. Rf5+ Kg7 54. g4 Rc1 55. h5 Raa1 56. f3 Rg1+ 57. Kf2 Raf1+ 58. Ke3 Rg3
59. Ke4 Rf2 60. Ke3 1/2-1/2

[Event "ODJM B 2019"]
[Site "Willingen GER"]
[Date "2019.06.09"]
[Round "2"]
[White "Alhamid, Mohamad"]
[Black "Kolb, Verena"]
[Result "1/2-1/2"]
[Termination "normal"]
[Board "12"]
[WhiteElo "1672"]
[BlackElo "1649"]
[PlyCount "163"]
[WhiteFideId "16235665"]
[BlackFideId "12992313"]
[EventCountry "GER"]
[EventRounds "9"]
[EventType "swiss"]
[EventDate "2019.06.08"]

1. e4 c6 2. d4 d5 3. Nc3 dxe4 4. Nxe4 Bf5 5. Ng3 Bg6 6. h4 h6 7. Nh3 e6 8. Nf4
Bh7 9. Ngh5 Nf6 10. Bc4 Rg8 11. Be3 Nbd7 12. Qe2 Bd6 13. O-O-O Qc7 14. Rhe1
Nxh5 15. Nxh5 O-O-O 16. Qf3 Nb6 17. Bb3 Nd5 18. Bxd5 cxd5 19. c3 Be4 20. Qg4
Qa5 21. Rd2 Qxa2 22. Kd1 Qa1+ 23. Ke2 Qa6+ 24. Kd1 Bd3 25. Rxd3 Qxd3+ 26. Bd2
Qb1+ 27. Bc1 Qd3+ 28. Bd2 Qb1+ 29. Bc1 a5 30. Nf4 Kb8 31. Qf3 a4 32. Nd3 a3 33.
bxa3 Bxa3 34. Ke2 Qc2+ 35. Bd2 f6 36. Nf4 e5 37. dxe5 fxe5 38. Nxd5 e4 39. Qf4+
Bd6 40. Qe3 Bc5 41. Qxc5 Qd3+ 42. Kd1 Rxd5 43. Qe3 Qxe3 44. Rxe3 Rf8 45. Ke2
Rdf5 46. Be1 Re8 47. Rg3 Re7 48. Bd2 Rf6 49. Be3 Ra6 50. Bd4 g6 51. Ke3 h5 52.
Rg5 Rae6 53. g3 Kc7 54. Kf4 Rf7+ 55. Ke3 Rf3+ 56. Ke2 Kd6 57. Rb5 Kc6 58. Rb6+
Kd5 59. Rxb7 Rc6 60. Rb5+ Kd6 61. Re5 Rcxc3 62. Bxc3 Rxc3 63. Rxe4 Kd5 64. Re8
Ra3 65. Rd8+ Ke5 66. Re8+ Kf5 67. Rb8 Ke5 68. Rb5+ Kf6 69. Rg5 Rb3 70. Kf1 Rc3
71. Kg2 Rb3 72. f3 Rb2+ 73. Kh3 Rb3 74. Kg2 Rb2+ 75. Kf1 Rb1+ 76. Ke2 Rb2+ 77.
Kd3 Rb3+ 78. Ke4 Rb4+ 79. Kd5 Rb5+ 80. Ke4 Rxg5 81. hxg5+ Kxg5 82. Ke3 1/2-1/2

[Event "ODJM B 2019"]
[Site "Willingen GER"]
[Date "2019.06.09"]
[Round "2"]
[White "Cheredzhiyska, Iva"]
[Black "Seitz, Manuel"]
[Result "1-0"]
[Termination "normal"]
[Board "13"]
[WhiteElo "1581"]
[BlackElo "1710"]
[PlyCount "74"]
[WhiteFideId "16241622"]
[BlackFideId "16215770"]
[EventCountry "GER"]
[EventRounds "9"]
[EventType "swiss"]
[EventDate "2019.06.08"]

1. e4 e5 2. Nf3 Nc6 3. d4 exd4 4. Nxd4 Nf6 5. Nc3 Bb4 6. Nxc6 bxc6 7. Bd3 O-O
8. Bg5 h6 9. Bh4 Re8 10. O-O d5 11. exd5 cxd5 12. Bxf6 gxf6 13. Nxd5 Bf8 14.
Qf3 Bg7 15. Nxc7 Qxc7 16. Qxa8 Kh8 17. Qd5 Re5 18. Qf3 Bb7 19. Qd1 Rg5 20. f3
Rh5 21. g3 f5 22. c3 Be5 23. Qe1 Bd6 24. Kg2 f4 25. g4 Re5 26. Qh4 Kg7 27. Rae1
Be7 28. Qh3 Rxe1 29. Rxe1 Bc5 30. Qh5 Qc6 31. Rf1 Qd6 32. Qf5 Be3 33. Qh7+ Kf8
34. Rd1 Qd5 35. Qxh6+ Ke7 36. Qh4+ Kf8 37. Be2 Qxa2 1-0

[Event "ODJM B 2019"]
[Site "Willingen GER"]
[Date "2019.06.09"]
[Round "2"]
[White "Wichert, Eddi"]
[Black "Brügmann, Kai"]
[Result "1-0"]
[Termination "normal"]
[Board "14"]
[WhiteElo "1702"]
[BlackElo "1555"]
[PlyCount "87"]
[WhiteFideId "16266048"]
[BlackFideId "16287460"]
[EventCountry "GER"]
[EventRounds "9"]
[EventType "swiss"]
[EventDate "2019.06.08"]

1. d4 d5 2. e3 Nf6 3. c3 c5 4. Bd3 Nc6 5. Nf3 e6 6. O-O Bd7 7. Nbd2 Rc8 8. e4
dxe4 9. Nxe4 Nxe4 10. Bxe4 Bd6 11. d5 exd5 12. Bxd5 Bf5 13. Bg5 Qd7 14. Re1+
Be6 15. Qb3 O-O 16. Rxe6 Na5 17. Rxd6 Qxd6 18. Qd1 Qg6 19. Qa4 Nc6 20. Qe4 Qxe4
21. Bxe4 g6 22. Bf6 Rfe8 23. Bd5 h6 24. Kf1 b5 25. Re1 Rxe1+ 26. Kxe1 b4 27.
Kd2 a5 28. c4 Nd8 29. Ne5 Ne6 30. Nxg6 Re8 31. Ne7+ Kf8 32. Bxe6 fxe6 33. Nc6
Kf7 34. Be5 Rg8 35. g3 a4 36. Bf4 h5 37. Kd3 Rc8 38. Ne5+ Kf6 39. Nd7+ Kf5 40.
Nb6 Rd8+ 41. Ke2 a3 42. b3 Rd4 43. Be3 Rd8 44. Bxc5 1-0

[Event "ODJM B 2019"]
[Site "Willingen GER"]
[Date "2019.06.09"]
[Round "2"]
[White "Zell, Mirjam"]
[Black "Niemann, Leon Pascal"]
[Result "1-0"]
[Termination "normal"]
[Board "15"]
[WhiteElo "1660"]
[BlackElo "1702"]
[PlyCount "59"]
[WhiteFideId "16208544"]
[BlackFideId "16218388"]
[EventCountry "GER"]
[EventRounds "9"]
[EventType "swiss"]
[EventDate "2019.06.08"]

1. c4 Nf6 2. g3 g6 3. Bg2 Bg7 4. Nc3 c5 5. a3 O-O 6. Rb1 e6 7. e4 Nc6 8. b4 d6
9. Nge2 Rb8 10. O-O Nd7 11. d3 b6 12. Nb5 Qe7 13. d4 a6 14. e5 cxb4 15. Bxc6
axb5 16. Bxb5 dxe5 17. axb4 exd4 18. Nxd4 Bb7 19. Nc6 Bxc6 20. Bxc6 Ne5 21. Bb5
Qb7 22. Rb3 Nc6 23. Rd3 Nxb4 24. Rd7 Qe4 25. Ba3 Bc3 26. Qb3 Nc6 27. Qxc3 Ne5
28. f3 Qf5 29. Bxf8 Nxd7 30. Qg7# 1-0

[Event "ODJM B 2019"]
[Site "Willingen GER"]
[Date "2019.06.09"]
[Round "2"]
[White "Diegel, Yannick"]
[Black "Grunert, Wilhelm"]
[Result "1-0"]
[Termination "normal"]
[Board "16"]
[WhiteElo "1411"]
[BlackElo "1749"]
[PlyCount "49"]
[WhiteFideId "16222563"]
[BlackFideId "12995673"]
[EventCountry "GER"]
[EventRounds "9"]
[EventType "swiss"]
[EventDate "2019.06.08"]

1. c4 Nf6 2. Nc3 g6 3. g3 Bg7 4. Bg2 O-O 5. Nf3 d6 6. O-O e5 7. d3 Nh5 8. Nd2
c6 9. Rb1 f5 10. e4 f4 11. b4 Bd7 12. b5 Qc8 13. Ba3 Rf6 14. bxc6 bxc6 15. c5
h6 16. cxd6 g5 17. Rc1 Bh3 18. Nd5 Rf7 19. Qxh5 Bg4 20. Qg6 Qd7 21. Ne7+ Kf8
22. Qh7 Rxe7 23. dxe7+ Kf7 24. Nc4 Kf6 25. Nxe5 1-0

[Event "ODJM B 2019"]
[Site "Willingen GER"]
[Date "2019.06.09"]
[Round "2"]
[White "Obciety, Sandra"]
[Black "von der Weyden, Louis"]
[Result "1-0"]
[Termination "normal"]
[Board "17"]
[WhiteElo "1619"]
[BlackElo "1564"]
[PlyCount "47"]
[WhiteFideId "16213157"]
[BlackFideId "16207050"]
[EventCountry "GER"]
[EventRounds "9"]
[EventType "swiss"]
[EventDate "2019.06.08"]

1. e4 e5 2. Nf3 Nc6 3. Bc4 Bc5 4. c3 Nf6 5. d4 exd4 6. cxd4 Bb4+ 7. Bd2 Nxe4 8.
Bxb4 Nxb4 9. Bxf7+ Kxf7 10. Qb3+ d5 11. Ne5+ Ke7 12. Qxb4+ Nd6 13. Nc3 c6 14.
O-O Re8 15. Rae1 Kf8 16. Ne2 Kg8 17. Ng3 Rf8 18. Re2 Nf7 19. Nxf7 Rxf7 20. Rfe1
Qf6 21. f3 Rb8 22. Nh5 Qf5 23. Re5 Qd7 24. Re8+ 1-0

[Event "ODJM B 2019"]
[Site "Willingen GER"]
[Date "2019.06.09"]
[Round "2"]
[White "Ortlepp, Klaudia"]
[Black "Seliokaite, Ana"]
[Result "1-0"]
[Termination "normal"]
[Board "18"]
[WhiteElo "1570"]
[BlackElo "1464"]
[PlyCount "63"]
[WhiteFideId "16206045"]
[BlackFideId "16224817"]
[EventCountry "GER"]
[EventRounds "9"]
[EventType "swiss"]
[EventDate "2019.06.08"]

1. e4 c5 2. Nc3 g6 3. f4 Bg7 4. Nf3 Nc6 5. Bc4 d6 6. O-O Nf6 7. d3 O-O 8. Qe1
Bg4 9. h3 Bxf3 10. Rxf3 Nd4 11. Rf2 e6 12. e5 dxe5 13. fxe5 Nd7 14. Bf4 Qc7 15.
Ne4 Bxe5 16. Bh6 Bg7 17. Qd2 Nf5 18. Bxg7 Kxg7 19. Raf1 Ne5 20. Qf4 Rac8 21.
Qg5 Qd8 22. Qf4 Nxc4 23. dxc4 Qd4 24. g4 e5 25. Qf3 Ne7 26. Qf6+ Kg8 27. Ng5 h6
28. Nxf7 Nf5 29. Qxg6+ Ng7 30. Nxh6+ Kh8 31. Nf7+ Kg8 32. Kh2 1-0

[Event "ODJM B 2019"]
[Site "Willingen GER"]
[Date "2019.06.09"]
[Round "2"]
[White "Kublanov, Carolin"]
[Black "Schneider, Anna"]
[Result "0-1"]
[Termination "normal"]
[Board "19"]
[WhiteElo "1748"]
[BlackElo "1589"]
[PlyCount "52"]
[WhiteFideId "12944548"]
[BlackFideId "16200527"]
[EventCountry "GER"]
[EventRounds "9"]
[EventType "swiss"]
[EventDate "2019.06.08"]

1. e4 e5 2. Nf3 Nc6 3. Bc4 Bc5 4. b4 Bb6 5. b5 Nd4 6. Nxe5 Qg5 7. Ng4 d5 8.
Bxd5 Bxg4 9. d3 Bxd1 10. Bxg5 Bxc2 11. Kd2 Ne7 12. Nc3 Ba5 13. a4 Bb3 14. Bxb7
Rb8 15. Ba6 Be6 16. Rab1 f6 17. Be3 Rd8 18. Bb7 O-O 19. f4 Rd7 20. h3 Rfd8 21.
Rhd1 f5 22. e5 Bb3 23. Rdc1 Ba2 24. Rb2 Nb3+ 25. Kc2 Nxc1 26. Kxc1 Bxc3 0-1

[Event "ODJM B 2019"]
[Site "Willingen GER"]
[Date "2019.06.09"]
[Round "2"]
[White "Scheidt, Mike Niklas"]
[Black "Andresen, Marc"]
[Result "1/2-1/2"]
[Termination "normal"]
[Board "20"]
[WhiteElo "1557"]
[BlackElo "1428"]
[PlyCount "103"]
[WhiteFideId "12965235"]
[BlackFideId "16233719"]
[EventCountry "GER"]
[EventRounds "9"]
[EventType "swiss"]
[EventDate "2019.06.08"]

1. d4 Nf6 2. Nc3 g6 3. Bf4 Bg7 4. e3 O-O 5. Bd3 d6 6. h4 Re8 7. Nge2 e5 8. Bh2
exd4 9. Nxd4 Nh5 10. Nf3 Bg4 11. Qd2 Bxf3 12. gxf3 Qxh4 13. O-O-O Qb4 14. Be4
Nd7 15. Rdg1 Nc5 16. Bd5 Nf6 17. Bf4 Nxd5 18. Qxd5 Ne6 19. Bh6 Bxc3 20. bxc3
Qxc3 21. f4 Qc6 22. Qd3 Nc5 23. Qc3 Ne6 24. Qf6 Qd7 25. f5 Qe7 26. Qxe7 Rxe7
27. fxe6 Rxe6 28. Kd2 d5 29. Rb1 Rb6 30. Kd3 Re8 31. Bf4 c6 32. Rxb6 axb6 33.
Rb1 b5 34. Kd4 Re4+ 35. Kc5 Rc4+ 36. Kb6 Rxc2 37. Bg3 Rxa2 38. Kxb7 Rc2 39. Kb6
h5 40. Bd6 Rxf2 41. Kxc6 Rf5 42. Rxb5 Kg7 43. Rxd5 Kf6 44. Rxf5+ Kxf5 45. Kd5
h4 46. e4+ Kg4 47. Ke5 f5 48. exf5 gxf5 49. Kd4 Kf3 50. Bh2 h3 51. Ke5 Kg4 52.
Bf4 1/2-1/2

[Event "ODJM B 2019"]
[Site "Willingen GER"]
[Date "2019.06.09"]
[Round "2"]
[White "Maul, Maik Joel"]
[Black "Sperling, Niclas"]
[Result "1-0"]
[Termination "normal"]
[Board "22"]
[WhiteElo "1590"]
[BlackElo "1720"]
[PlyCount "117"]
[WhiteFideId "16204816"]
[BlackFideId "16204000"]
[EventCountry "GER"]
[EventRounds "9"]
[EventType "swiss"]
[EventDate "2019.06.08"]

1. d4 Nf6 2. Bf4 g6 3. Nc3 Bg7 4. e4 d6 5. Qd2 O-O 6. h4 Nh5 7. Bg5 f6 8. Bh6
e5 9. Bc4+ Kh8 10. Bxg7+ Kxg7 11. O-O-O a6 12. Be2 Nf4 13. g3 Nxe2+ 14. Ngxe2
Bg4 15. f4 Nc6 16. Rdf1 f5 17. d5 Ne7 18. Qe3 Qd7 19. fxe5 dxe5 20. exf5 Rxf5
21. Qe4 Bxe2 22. Rxf5 Qxf5 23. Qxe2 Rf8 24. h5 Qg5+ 25. Kb1 Qxg3 26. hxg6 hxg6
27. Ne4 Qf3 28. Qxf3 Rxf3 29. Ng5 Rf5 30. Ne6+ Kf6 31. Nxc7 Nc8 32. c4 Ke7 33.
Rh8 Kd7 34. Ne6 Nd6 35. c5 Nf7 36. Rb8 Ke7 37. Rxb7+ Kf6 38. c6 e4 39. Rxf7+
Kxf7 40. c7 Rxd5 41. c8=Q e3 42. Nc7 Re5 43. Qd7+ Kf6 44. Nd5+ Kg5 45. Nxe3
Rxe3 46. Qd5+ Kf4 47. Qd4+ Re4 48. Qf2+ Kg5 49. Kc2 Kh5 50. Kd3 Rg4 51. Qf6
Rg3+ 52. Kc2 g5 53. Qxa6 Kg4 54. b4 Kh3 55. b5 Rg2+ 56. Kb3 Kh2 57. b6 g4 58.
b7 Rg1 59. b8=Q+ 1-0

[Event "ODJM B 2019"]
[Site "Willingen GER"]
[Date "2019.06.09"]
[Round "2"]
[White "Schilay, Eva"]
[Black "Kruse, Hannes"]
[Result "1/2-1/2"]
[Termination "normal"]
[Board "23"]
[WhiteElo "1628"]
[BlackElo "1362"]
[PlyCount "108"]
[WhiteFideId "12930164"]
[BlackFideId "16254660"]
[EventCountry "GER"]
[EventRounds "9"]
[EventType "swiss"]
[EventDate "2019.06.08"]

1. e4 e5 2. Bc4 Nf6 3. d3 Bc5 4. Nc3 d6 5. Bg5 Bxf2+ 6. Kd2 h6 7. Qf3 hxg5 8.
Qxf2 Nc6 9. Rf1 Qe7 10. Nge2 Bd7 11. Qe3 Bg4 12. Ng3 O-O-O 13. Qxg5 Rh7 14. h3
Be6 15. Bxe6+ Qxe6 16. Nf5 Rh5 17. Qe3 Rh7 18. Rhg1 g6 19. Ng3 Nd4 20. b3 Nh5
21. Nce2 Nxg3 22. Nxg3 Qd7 23. c3 Nc6 24. Rf2 b6 25. Rgf1 Rf8 26. Rf6 Nd8 27.
Rxg6 Ne6 28. Rg4 Nf4 29. Nf5 Rhh8 30. Qg3 Nh5 31. Qf3 Nf4 32. h4 Rfg8 33. Rxg8+
Rxg8 34. g3 Ne6 35. Rh1 Rh8 36. Qg4 Qd8 37. h5 Rg8 38. Qh4 Qxh4 39. Rxh4 Kd8
40. h6 Rh8 41. Ke3 Ng5 42. d4 f6 43. dxe5 dxe5 44. a4 Ke8 45. b4 a6 46. b5 axb5
47. axb5 Kd7 48. Kd3 c6 49. bxc6+ Kxc6 50. Ne7+ Kc5 51. Nd5 Nh7 52. g4 Rd8 53.
Kc2 Rh8 54. Rh1 Rg8 1/2-1/2

[Event "ODJM B 2019"]
[Site "Willingen GER"]
[Date "2019.06.09"]
[Round "2"]
[White "de Veer, Mara"]
[Black "Ebeling, Gereon"]
[Result "1/2-1/2"]
[Termination "normal"]
[Board "24"]
[WhiteElo "1379"]
[BlackElo "1588"]
[PlyCount "89"]
[WhiteFideId "16217349"]
[BlackFideId "16223160"]
[EventCountry "GER"]
[EventRounds "9"]
[EventType "swiss"]
[EventDate "2019.06.08"]

1. e4 e6 2. d4 d5 3. exd5 exd5 4. Nf3 Bd6 5. c4 c6 6. Nc3 Ne7 7. Be2 Be6 8. b3
h6 9. O-O O-O 10. Re1 Bb4 11. Bb2 Nd7 12. a3 Ba5 13. Qc1 Nf6 14. b4 Bc7 15.
cxd5 Nexd5 16. Ne5 Nd7 17. Nxd5 Bxd5 18. Bc4 Nb6 19. Bxd5 Qxd5 20. Qc5 Qxc5 21.
dxc5 Bxe5 22. Bxe5 Nd5 23. Bd6 Rfe8 24. h3 f6 25. Kf1 Kf7 26. Rac1 h5 27. g3 f5
28. h4 a6 29. Ra1 Nc3 30. Rac1 Nb5 31. Ra1 Nxd6 32. cxd6 Rxe1+ 33. Rxe1 Rd8 34.
Re7+ Kf8 35. Rxb7 Rxd6 36. Rb6 Rd3 37. Rxa6 Rb3 38. Rxc6 Rxa3 39. b5 Rb3 40. b6
Kg8 41. Ke2 Kf8 42. Kd1 Ke8 43. Kc2 Rb5 44. Kc3 Kd7 45. Rc7+ 1/2-1/2

[Event "ODJM B 2019"]
[Site "Willingen GER"]
[Date "2019.06.09"]
[Round "2"]
[White "Lauterbach, Kolja"]
[Black "Schwenke, Mia"]
[Result "1-0"]
[Termination "normal"]
[Board "25"]
[WhiteElo "1662"]
[BlackElo "1136"]
[PlyCount "129"]
[WhiteFideId "16235916"]
[BlackFideId "16263332"]
[EventCountry "GER"]
[EventRounds "9"]
[EventType "swiss"]
[EventDate "2019.06.08"]

1. e4 e5 2. Nf3 Nc6 3. Bc4 Bc5 4. b4 Bxb4 5. c3 Be7 6. d4 Na5 7. Be2 d6 8. dxe5
dxe5 9. Qxd8+ Bxd8 10. Nxe5 Nf6 11. f3 O-O 12. O-O Re8 13. Nc4 Nc6 14. Bf4 b5
15. Nca3 a6 16. Nd2 Be7 17. Nc2 Bc5+ 18. Kh1 Bb6 19. Nb3 Bf5 20. Nbd4 Nxd4 21.
cxd4 Bg6 22. Rac1 Rad8 23. Rfd1 Nd5 24. exd5 Rxe2 25. Nb4 a5 26. Na6 Rxd5 27.
Bxc7 Bxc7 28. Nxc7 Rg5 29. Re1 Rxe1+ 30. Rxe1 f6 31. d5 Re5 32. Rxe5 fxe5 33.
Nxb5 Kf8 34. Kg1 Bb1 35. a3 Ke7 36. Kf2 Ba2 37. Nc3 Bb3 38. Ke3 Kd6 39. Ke4 g6
40. Nb5+ Kc5 41. d6 Kc6 42. Kxe5 Bc4 43. Nd4+ Kd7 44. f4 Bf1 45. g4 Bh3 46. g5
a4 47. Nf3 Bg4 48. Nd2 Be6 49. Ne4 Bf5 50. Nf6+ Kd8 51. Nxh7 Kd7 52. h4 Kd8 53.
h5 gxh5 54. Kxf5 h4 55. Kg4 Kd7 56. g6 Ke6 57. f5+ Kxd6 58. g7 Ke7 59. g8=Q Kd6
60. Qe6+ Kc5 61. Nf6 Kb5 62. Qc8 Kb6 63. Nd7+ Kb5 64. Qc5+ Ka6 65. Qb6# 1-0

[Event "ODJM B 2019"]
[Site "Willingen GER"]
[Date "2019.06.09"]
[Round "2"]
[White "Hierl, Johannes"]
[Black "Petersen, Finn Christopher"]
[Result "0-1"]
[Termination "normal"]
[Board "26"]
[WhiteElo "1327"]
[BlackElo "1780"]
[PlyCount "48"]
[WhiteFideId "16235096"]
[BlackFideId "12964840"]
[EventCountry "GER"]
[EventRounds "9"]
[EventType "swiss"]
[EventDate "2019.06.08"]

1. Nc3 Nf6 2. d4 g6 3. e4 d6 4. Bf4 Bg7 5. Qd2 O-O 6. O-O-O Nbd7 7. h4 c5 8. d5
Qb6 9. Nf3 Nxe4 10. Qe3 Nxc3 11. bxc3 Qa5 12. Bh6 Bxh6 13. Qxh6 Qxc3 14. h5 Qg7
15. Qg5 f6 16. Qg3 g5 17. Bd3 h6 18. Rde1 Ne5 19. Nxe5 fxe5 20. Bg6 Bf5 21. Qh2
Rf6 22. Bxf5 Rxf5 23. Qg3 Qf7 24. f3 Qxd5 0-1

[Event "ODJM B 2019"]
[Site "Willingen GER"]
[Date "2019.06.09"]
[Round "2"]
[White "Diegel, Jonas"]
[Black "Unbehend, Marius"]
[Result "1/2-1/2"]
[Termination "normal"]
[Board "27"]
[WhiteElo "1787"]
[BlackElo "1395"]
[PlyCount "70"]
[WhiteFideId "16206061"]
[BlackFideId "16214420"]
[EventCountry "GER"]
[EventRounds "9"]
[EventType "swiss"]
[EventDate "2019.06.08"]

1. d4 Nf6 2. Nf3 e6 3. c4 Bb4+ 4. Bd2 Bxd2+ 5. Qxd2 b6 6. Nc3 Bb7 7. Qc2 O-O 8.
e4 d6 9. Bd3 h6 10. Rg1 Na6 11. a3 c5 12. d5 exd5 13. exd5 Re8+ 14. Be2 Qd7 15.
O-O-O Nc7 16. h3 b5 17. g4 b4 18. axb4 cxb4 19. Na2 b3 20. Qxb3 Rxe2 21. Qxb7
Qa4 22. Kb1 Rxf2 23. Nd2 Qa5 24. Nb3 Qa4 25. Nc3 Qd7 26. Nd4 Re8 27. Rge1 Rh2
28. Rxe8+ Ncxe8 29. Qxd7 Nxd7 30. Re1 Kf8 31. Re3 Rh1+ 32. Kc2 Rh2+ 33. Kb3 Nb6
34. Ne4 Rxb2+ 35. Kc3 Rb1 1/2-1/2

[Event "ODJM B 2019"]
[Site "Willingen GER"]
[Date "2019.06.09"]
[Round "2"]
[White "Zimmer, Luca"]
[Black "Winterberg, Johanna"]
[Result "1/2-1/2"]
[Termination "normal"]
[Board "28"]
[WhiteElo "1676"]
[BlackElo "1742"]
[PlyCount "110"]
[WhiteFideId "12921424"]
[BlackFideId "12929344"]
[EventCountry "GER"]
[EventRounds "9"]
[EventType "swiss"]
[EventDate "2019.06.08"]

1. e4 c5 2. d4 cxd4 3. c3 d3 4. Bxd3 Nc6 5. Nf3 g6 6. Bf4 Bg7 7. Na3 Nf6 8. Nb5
d6 9. e5 dxe5 10. Nxe5 Nd5 11. Bc4 Nxe5 12. Bxd5 O-O 13. O-O Qb6 14. Qb3 Bf5
15. Be3 Qa5 16. Nd4 Bd3 17. Rfd1 e6 18. Bf3 Nxf3+ 19. Nxf3 Rfd8 20. Qxb7 Rab8
21. Qxa7 Qxa7 22. Bxa7 Rxb2 23. Bd4 Be2 24. Rdb1 Rc2 25. Bxg7 Kxg7 26. Nd4 Rd2
27. Nxe2 Rxe2 28. Re1 Rc2 29. Rec1 Rdd2 30. Rxc2 Rxc2 31. Kf1 Rxc3 32. a4 Rc8
33. a5 Kf6 34. Ke2 Ke5 35. Kd3 Kd5 36. Ra2 Ra8 37. a6 Kc6 38. Kd4 Kb6 39. a7
Rxa7 40. Rxa7 Kxa7 41. Ke5 Kb6 42. Kf6 Kc5 43. Kxf7 Kd5 44. Kg7 Ke5 45. Kxh7
Kf5 46. Kh6 e5 47. h3 g5 48. g4+ Kf4 49. Kh5 e4 50. h4 gxh4 51. Kxh4 Kf3 52. g5
Kxf2 53. g6 e3 54. g7 e2 55. g8=Q e1=Q 1/2-1/2